Państwa, które pokonują Islandię - Statystyki

Ogólne statystyki
  • Ten quiz został rozwiązany 2 550 razy
    2 446 od ostatniego zresetowania
  • Średni wynik to 10 z 16
Statystyki odpowiedzi
Ranga Kategoria Państwo % Poprawnych
3 Najbardziej na zachód wysunięte panstwo, w którym zamieszkali wikingowie Kanada | Dania (Grenlandia)
96%
6 Najdłuższa oczekiwana długość życia Monako | Japonia | Singapur | San Marino | Kanada
95%
8 Najniższy wskaźnik morderstw, 2000–2019 Watykan | San Marino | Andora | Japonia | Singapur | Katar | Bahrajn
84%
7 Największa liczba osób, które zginęły w wyniku wybuchów wulkanów od 141 p.n.e. Indonezja | Salwador | Francja (Martynika) | Kolumbia | Japonia | Gwatemala
82%
3 Najmniejsze państwo na literę I Izrael | Irlandia
82%
10 Państwo z najwyższymi ludźmi Holandia | Łotwa | Estonia | Dania | Czechy | Serbia | Belgia | Słowacja | Bośnia i Hercegowina
79%
3 Najniższa gęstość zaludnienia Mongolia | Namibia
72%
3 Najzimniejsza stolica *zgadnij kraj, a nie stolice Mongolia | Kazachstan
63%
5 Największa liczba nagród Nobla na mieszkańca Saint Lucia | Luksemburg | Szwajcaria | Szwecja
60%
4 Najbogatsze państwo według PKB na mieszkańca Singapur | Irlandia | Brunei
57%
6 Państwo, którego terytorium zostało najpóźniej zamieszkane przez ludzi Seszele | Mauritius | Wyspy Świętego Tomasza i Książeca | Republika Zielonego Przylądka | Nowa Zelandia
52%
6 Największa produkcja sera na osobę Nowa Zelandia | Dania | Irlandia | Holandia
51%
8 Państwo z najniższym procentem zalesienia
* wyłączając państwa o powierzchni mniejszej niż 100km²
Katar | Oman | Egipt | Libia | Mauretania | Dżibuti | Kuwejt | Arabia Saudyjska
49%
3 Najwięcej zespołów heavy metalowych w przeliczeniu na mieszkańca Szwecja | Finlandia
47%
2 Najwyższe średnie ceny
* tylko państwa z ludnością powyżej 50 tys.
Szwajcaria
39%
5 Najbardziej zaludnione państwo bez wojska Kostaryka | Panama | Mauritius | Wyspy Salomona
32%
Nie znaleziono quizów pasujących do podanych kryteriów
Rozkład punktacji
Procent ludzi z każdym wynikiem
Percentyl według liczby udzielonych odpowiedzi
Twoja historia wyników
Nie rozwiązałeś tego quizu od ostatniego zresetowania